Guest Anime Waifu - Statistics

General Stats
  • This quiz has been taken 65 times
  • The average score is 4 of 16
Answer Stats
Picture Answer % Correct
Rias Gremory
76%
Violet Evergarden
71%
Akame
69%
Alisa Mikhailovna Kujo
58%
Ruby Hoshino
53%
Mahiru Shiina
24%
Rikka Takanashi
24%
Charlotte
22%
Elaina
11%
Carrera
5%
Ninym Ralei
5%
Reina Kousaka
5%
Ichigo Hoshimiya
4%
Liselotte Cretia
4%
Tsubasa Kisaragi
4%
Yuimella Dolkness
4%
No matching quizzes found
Score Distribution
Percent of People with Each Score
Percentile by Number Answered
Your Score History
You have not taken this quiz